| 000 | 00735nam a2200277Ia 4500 | ||
|---|---|---|---|
| 008 | 170711s9999 xx 000 0 und d | ||
| 020 | _a9780749464134 | ||
| 050 | _a338.47 | ||
| 050 | _bAr788 2012 | ||
| 100 | _aArthur, Charles | ||
| 245 | _aDigital wars : | ||
| 245 | _bapple google microsoft & battle for the internet / | ||
| 245 | _cCharles Arthur. | ||
| 260 | _aLondon : | ||
| 260 | _bKogan Page, | ||
| 260 | _c2012 | ||
| 300 | _avii, 264 pages : | ||
| 300 | _billustrations ; | ||
| 300 | _c23cm. | ||
| 500 | _aIncludes bibliographic reference and index. | ||
| 650 | _aApple Computer, Inc. | ||
| 650 | _aGoogle (Firm). | ||
| 650 | _aMicrosoft Corporation. | ||
| 650 | _aService -- | ||
| 650 | _xProduction. | ||
| 999 |
_c340005 _d340005 |
||